| 000 | 01507nac a2200265 a 4500 | ||
|---|---|---|---|
| 003 | Co-PeBPM | ||
| 005 | 20241107170751.0 | ||
| 008 | 241107s1995 ck o|||| |||| 00| 0 spa d | ||
| 020 | _a9582002034 | ||
| 040 |
_aCo.PeBPM _bspa _cCo-PeBPM _erda |
||
| 041 | _aspa | ||
| 082 | 0 |
_a070.449 Ch462p _222 |
|
| 100 | 1 | 0 |
_aChaparro, Julio Daniel _eautor |
| 245 | 1 | 0 |
_aPapaíto País _b: Crónicas _c/ Julio Daniel Chaparro; ilustraciones Luis Aurelio Durán |
| 260 |
_aBogotá, Colombia _b: Cooperativa Editorial Magisterio, _cc1995 |
||
| 300 |
_a140 páginas _bilustraciones en blanco y negro _c19,5 centímetros |
||
| 490 |
_aColección Montaña Mágica _v21 |
||
| 500 | _aIncluye índice | ||
| 500 | _aContiene datos biográficos del autor al final del texto | ||
| 520 | _aPara Julio Daniel Chaparro la poesía era un estado de ánimo que le afectaba todos los sentidos. De ahí la especial originalidad de su trabajo periodístico. Él capta los sonidos, el llano, las tonadas, el sol de incendio o los guijarros que cortan el agua, los vientos, la luz, los ríos, los barrios y, en todos ellos, habitándolos a todos, los seres humanos. Siempre están presentes en un recorrido periodístico corto pero fecundo, quizás por algún insondable presentimiento de lo fugaz que sería su existencia, del poco tiempo que quedaría para expresar todo aquello que le desbordara la sensibilidad. | ||
| 650 | 1 | 4 | _aCrónica periodística |
| 651 | _zColombia | ||
| 700 | _aDurán, Luis Aurelio | ||
| 942 |
_2ddc _cBK _n0 |
||
| 999 |
_c60154 _d60154 |
||